Jalisco (Record no. 2033)
[ view plain ]
| 000 -CABECERA | |
|---|---|
| campo de control de longitud fija | 01077nam a2200241 a 4500 |
| 001 - NÚMERO DE CONTROL | |
| campo de control | BRCA_2287 |
| 005 - FECHA Y HORA DE LA ÚLTIMA TRANSACCIÓN | |
| campo de control | 20190320203738.0 |
| 008 - DATOS DE LONGITUD FIJA--INFORMACIÓN GENERAL | |
| campo de control de longitud fija | 961017s1994----mx-a---###---#000-0#spa-# |
| 020 ## - NÚMERO INTERNACIONAL ESTÁNDAR DEL LIBRO | |
| Número Internacional Estándar del Libro | 968662323X |
| 040 ## - FUENTE DE LA CATALOGACIÓN | |
| Centro catalogador/agencia de origen | DLC |
| Centro/agencia transcriptor | DLC |
| Centro/agencia modificador | TxU |
| 041 ## - CÓDIGO DE LENGUA | |
| Código de lengua del texto/banda sonora o título independiente | spaeng |
| 050 #4 - SIGNATURA TOPOGRÁFICA DE LA BIBLIOTECA DEL CONGRESO | |
| Número de clasificación | N6553.J5 |
| Número de documento/Ítem | .J35 1994 |
| 245 10 - MENCIÓN DE TÍTULO | |
| Título | Jalisco |
| Resto del título | genio y maestría. |
| 260 ## - PUBLICACIÓN, DISTRIBUCIÓN, ETC. | |
| Lugar de publicación, distribución, etc. | México |
| Nombre del editor, distribuidor, etc. | Museo de Arte Contemporáneo de Monterrey : Antiguo Colegio de San Ildefonso |
| Fecha de publicación, distribución, etc. | 1994 |
| 300 ## - DESCRIPCIÓN FÍSICA | |
| Extensión | 177 p. |
| Otras características físicas | il. a color |
| Dimensiones | 30 cm. |
| 500 ## - NOTA GENERAL | |
| Nota general | Catálogo de la exposición realizada en el Museo de Arte Contemporáneo de Monterrey (Monterrey, México), 20 mayo - 26 agosto, 1994 y en el Antiguo Colegio de San Ildefonso (Ciudad de México), 22 febrero - 22 mayo, 1995 |
| 546 ## - NOTA DE LENGUA/LENGUAJE | |
| Nota de lengua/lenguaje | Texto en : español e inglés |
| 650 14 - PUNTO DE ACCESO ADICIONAL DE MATERIA--TÉRMINO DE MATERIA | |
| Término de materia o nombre geográfico como elemento de entrada | Arte mexicano |
| Subdivisión de forma | Catálogos |
| Subdivisión general | Historia |
| Subdivisión geográfica | Jalisco (México) |
| 9 (RLIN) | 6850 |
| 650 14 - PUNTO DE ACCESO ADICIONAL DE MATERIA--TÉRMINO DE MATERIA | |
| Término de materia o nombre geográfico como elemento de entrada | Pintores |
| Subdivisión de forma | Catálogos |
| Subdivisión general | Historia |
| Subdivisión geográfica | Jalisco (México) |
| 9 (RLIN) | 6851 |
| 651 #4 - PUNTO DE ACCESO ADICIONAL DE MATERIA--NOMBRE GEOGRÁFICO | |
| Nombre geográfico | Jalisco (México) |
| Subdivisión general | Colecciones de arte |
| Subdivisión cronológica | Siglos XIX y XX |
| 9 (RLIN) | 6852 |
| 651 #4 - PUNTO DE ACCESO ADICIONAL DE MATERIA--NOMBRE GEOGRÁFICO | |
| Nombre geográfico | Jalisco (México) |
| Subdivisión general | Vida cotidiana |
| Subdivisión cronológica | Siglos XIX y XX |
| 9 (RLIN) | 6853 |
| 942 ## - ELEMENTOS DE PUNTO DE ACCESO ADICIONAL (KOHA) | |
| Fuente del sistema de clasificación o colocación | Library of Congress Classification |
| Tipo de ítem Koha | Libros |
| Estado de retiro | Estado de pérdida | Estado dañado | No para préstamo | Localización permanente | Ubicación/localización actual | Fecha de adquisición | Total de préstamos | Signatura topográfica completa | Código de barras | Fecha visto por última vez | Precio válido a partir de | Tipo de ítem Koha |
|---|---|---|---|---|---|---|---|---|---|---|---|---|
| El ejemplar forma parte de la colección y puede ser consultado según las políticas vigentes. | Biblioteca del Museo Franz Mayer (Rogerio Casas-Alatriste) | Biblioteca del Museo Franz Mayer (Rogerio Casas-Alatriste) | 14/08/2008 | N6553.J5 .J35 1994 | 01025 | 22/03/2019 | 22/03/2019 | Libros |